000 00456nam a2200145Ia 4500
008 100122s9999 xx 000 0 und d
082 _b65787
_a823.08
100 _aप्रधान मधुकर
245 _aस्वप्न फुलोरा
260 _bप्रपंच प्रकाशन
_c2004
300 _a99
630 _aस्वप्न फुलोरा
730 _aस्वप्न फुलोरा
942 _cBOOK
999 _c438669
_d438666